[Event "Hollywood Classic  1st"]
[Site "Los Angeles"]
[Date "2022.07.21"]
[Round "2"]
[White "Yim, Sung Ho"]
[Black "Fong, Kevin"]
[Result "1-0"]
[WhiteElo "2207"]
[BlackElo "2016"]
[PlyCount "167"]
[EventDate "2022.07.20"]
[EventType "tourn"]
[EventRounds "9"]
[EventCountry "USA"]
[EventCategory "2"]
[SourceTitle "CBM 209 Extra"]
[Source "ChessBase"]
[SourceDate "2022.09.30"]
[SourceVersion "1"]
[SourceVersionDate "2022.09.30"]
[SourceQuality "1"]

1. d4 d5 2. c4 c6 3. Nc3 e6 4. e3 f5 5. Nf3 Nd7 6. Bd3 Bd6 7. cxd5 cxd5 8. 0-0 Ngf6 9. b3 Ne4 10. Bb2 a6 11. Ne2 g5 12. Ne5 0-0 13. f3 Nef6 14. Rc1 Nb6 15. Qd2 Bd7 16. Qa5 Bb5 17. Rfd1 Nbd7 18. Qxd8 Rfxd8 19. Bxb5 axb5 20. Ra1 b4 21. Nd3 Ra6 22. Bc1 Rda8 23. Rd2 Nb8 24. Rc2 Nc6 25. Bd2 Kf7 26. Be1 Nd7 27. Bf2 Ra3 28. Nec1 Rc8 29. Rb1 Raa8 30. Ne2 Ke7 31. h3 Rg8 32. Kf1 Rac8 33. Rbc1 Ra8 34. Rd1 Raf8 35. Rb1 h6 36. Ke1 Ra8 37. Kd2 Na7 38. Rbc1 Nc6 39. Rh1 Kf7 40. Kc1 Rac8 41. Be1 Ra8 42. Bd2 Rgc8 43. Kb1 Kg6 44. Rhc1 Rd8 45. Rh1 Be7 46. Nec1 Ra5 47. a4 Ra6 48. Na2 Rb6 49. Nc5 Nxc5 50. dxc5 Ra6 51. Rhc1 d4 52. exd4 Nxd4 53. Nxb4 Nxb3 54. Nxa6 Nxc1 55. Kxc1 bxa6 56. Ba5 Rc8 57. Bb6 Rc6 58. Kb2 Kf7 59. Kb3 e5 60. Kc4 Ke6 61. Rd2 h5 62. g4 fxg4 63. fxg4 h4 64. Rf2 Rc8 65. Rc2 Rc6 66. Rd2 Rc8 67. Rd1 Rc6 68. Rd3 Rc8 69. Re3 Rc6 70. Re2 Rc8 71. Re3 Rc6 72. Rf3 Rc8 73. Rf2 Rc6 74. Rb2 Bf6 75. Ba7 e4 76. Rb6 Kd7 77. Kd5 Rxb6 78. Bxb6 Be7 79. c6+ Kc8 80. Kxe4 Bd6 81. Be3 Kc7 82. Bxg5 Kxc6 83. Bxh4 Kc5 84. Be1 1-0

[Event "Las Vegas National op"]
[Site "Las Vegas"]
[Date "2022.06.09"]
[Round "3"]
[White "Cordova, Emilio"]
[Black "Yim, Sung Ho"]
[Result "1-0"]
[WhiteElo "2549"]
[BlackElo "2251"]
[PlyCount "91"]
[EventDate "2022.06.08"]
[EventType "swiss"]
[EventRounds "9"]
[EventCountry "USA"]
[SourceTitle "CBM 208 Extra"]
[Source "ChessBase"]
[SourceDate "2022.07.31"]
[SourceVersion "1"]
[SourceVersionDate "2022.07.31"]
[SourceQuality "1"]

1. Nf3 d5 2. d4 e6 3. c4 a6 4. e3 Nf6 5. b3 b6 6. Bb2 Bb7 7. Nc3 Nbd7 8. Bd3 Bd6 9. Qc2 0-0 10. cxd5 exd5 11. 0-0 Re8 12. Rac1 c5 13. Rfd1 Nf8 14. Ne2 Rc8 15. Qb1 Ne6 16. Ng3 Bf8 17. Qa1 Nd7 18. Bf1 Rc7 19. a4 Qa8 20. a5 c4 21. bxc4 dxc4 22. axb6 Nxb6 23. Nd2 Rec8 24. e4 Nf4 25. d5 f6 26. Bd4 Nbxd5 27. exd5 Bxd5 28. f3 Ne6 29. Bc3 a5 30. Nde4 a4 31. Kh1 a3 32. Bxf6 Bxe4 33. Nxe4 gxf6 34. Nxf6+ Kf7 35. Nd5 Rc6 36. Qf6+ Kg8 37. Qf5 Ng7 38. Nf6+ Kf7 39. Rd7+ Be7 40. Qxh7 Kxf6 41. Rxe7 Kxe7 42. Qxg7+ Kd6 43. Rd1+ Kc5 44. Qe5+ Kb6 45. Rb1+ Ka7 46. Qe3+ 1-0

[Event "Redmond"]
[Site "Redmond"]
[Date "2022.05.29"]
[Round "6"]
[White "Vazquez, Guillermo"]
[Black "Yim, Sung Ho"]
[Result "1-0"]
[WhiteElo "2557"]
[BlackElo "2295"]
[PlyCount "95"]
[EventDate "2022.05.26"]
[EventType "tourn"]
[EventRounds "9"]
[EventCountry "USA"]
[EventCategory "1"]
[SourceTitle "CBM 209 Extra"]
[Source "ChessBase"]
[SourceDate "2022.09.30"]
[SourceVersion "1"]
[SourceVersionDate "2022.09.30"]
[SourceQuality "1"]

1. d4 d5 2. Nf3 e6 3. Bf4 Bd6 4. e3 Nf6 5. Ne5 0-0 6. Nd2 c5 7. c3 b6 8. h4 Qc7 9. h5 Nfd7 10. Ndf3 Nc6 11. Nxc6 Qxc6 12. Bd3 Re8 13. Ne5 Qc7 14. h6 g6 15. Bb5 Rf8 16. Bxd7 Bxd7 17. Qg4 Be8 18. Bg3 Qe7 19. Bh4 f6 20. f4 b5 21. 0-0 Kh8 22. Rae1 Rd8 23. e4 dxe4 24. Rxe4 cxd4 25. Rfe1 dxc3 26. bxc3 Bc5+ 27. Kh1 Rd6 28. Qe2 Bb6 29. Ng4 g5 30. fxg5 f5 31. Bg3 fxe4 32. Be5+ Kg8 33. Nf6+ Rxf6 34. gxf6 Qd7 35. Qg4+ Bg6 36. f7+ Kxf7 37. Qf4+ Ke8 38. Bxd6 Qf7 39. Qe5 Qf5 40. Qh8+ Kd7 41. Bh2 Qd5 42. a4 bxa4 43. c4 Qd2 44. Qa1 Qb4 45. Rd1+ Kc6 46. Qg7 Be8 47. Qxh7 Qxc4 48. Qe7 1-0

[Event "Dulles Colonial op 3rd"]
[Site "Dulles"]
[Date "2022.04.17"]
[Round "9"]
[White "Stremavicius, Titas"]
[Black "Yim, Sung Ho"]
[Result "1/2-1/2"]
[WhiteElo "2510"]
[BlackElo "2246"]
[PlyCount "60"]
[EventDate "2022.04.13"]
[EventType "swiss"]
[EventRounds "9"]
[EventCountry "USA"]
[SourceTitle "CBM 207 Extra"]
[Source "ChessBase"]
[SourceDate "2022.05.31"]
[SourceVersion "1"]
[SourceVersionDate "2022.05.31"]
[SourceQuality "1"]

1. f4 d5 2. Nf3 Nf6 3. g3 e6 4. Bg2 b5 5. 0-0 Bb7 6. d3 Nbd7 7. a3 a5 8. e3 Bc5 9. Qe1 0-0 10. Bd2 Bb6 11. Nc3 Ba6 12. b4 c5 13. bxc5 Bxc5 14. Ne2 a4 15. Ned4 Qe7 16. Qc1 Rfc8 17. Qb2 Rab8 18. h3 Ne8 19. Kh1 Rb6 20. Rfb1 Nd6 21. Ba5 Rbb8 22. Bb4 f6 23. Qa2 Bb7 24. e4 Bxb4 25. Rxb4 dxe4 26. dxe4 Nxe4 27. Kh2 Bd5 28. Qb2 Nd6 29. Re1 Rc5 30. Nh4 Qf7 1/2-1/2